000 00907nam a2200313Ia 4500
003 OSt
005 20220912151400.0
006 a|||||r|||| 00| 0
007 ta
008 220909b |||||||| |||| 00| 0 eng d
020 _a818128187X (pbk)
024 _a20377
037 _b335, 13/03/2006, Ashutosh Technical Books
037 _cTextual
040 _aCSL
_beng
_cCSL
041 _aeng
082 _aB25,1, N4
100 _aJanich Klaus
245 0 _aLinear algebra
260 _aNew York
_b Springer-Verlag
_c1994
300 _aix, 204p.
_ccm.
490 _aUndergraduate texts in mathematics
500 _aBibliographical references p200.; Index 201-204p.
_ccm.
650 _a Algebra
650 _a Linear algebra
650 _aStatistics
942 _hB25,1, N4
_cTEXL
_2CC
999 _c67326
_d67326